| 000 | 01189nam a2200301 a 4500 | ||
|---|---|---|---|
| 003 | BLK | ||
| 005 | 20250405115527.0 | ||
| 008 | 210816b bu |||||r|||| 00| | bu d | ||
| 020 | _a9789542730446 | ||
| 040 | _aBLK | ||
| 041 |
_aBUL _cBUL |
||
| 080 |
_aАмериканска литература (на САЩ) _b821.111(73) _x-31 _z821.111(73)-31 |
||
| 100 |
_9489381 _aЧери, Бритъни С. _eпърви автор |
||
| 139 | _bЧ 68 | ||
| 245 |
_aЮжни бури _cБритъни С. Чери ; прев. от англ. Милена Илиева |
||
| 260 |
_9401640 _aСофия _bУо _c2023 _dтърг. марка на Егмонт България |
||
| 300 |
_a350 с. _c20 см |
||
| 380 | _aX | ||
| 490 |
_9490796 _aКомпас _vКн. 1 |
||
| 500 | _aОриг. загл.: Southern storms / Brittainy Cherry Уо - търг. марка на Егмонт България | ||
| 700 |
_9347914 _aИлиева, Милена Мичева _eпрев. от англ. |
||
| 852 | _aЦб 319879 | ||
| 942 |
_cKNG _n0 _s1 _031 |
||
| 944 |
_cНора Радева _k30545 _lНора Радева |
||
| 999 |
_c496937 _d496937 |
||
| 999 | _d496937 | ||
| 999 | _d496937 | ||
| 999 | _d434202 | ||